00882 2200301 4500001002100000005001500021035002000036007000300056008004100059020002200100082001400122084001600136100003400152245006700186250002600253300004700279650001900326264003200345336002100377337003000398338002300428040002200451090002200473850001200495504002900507999002200536990002200558INLIS00000000086847120220304103741 a0010-0322000137ta220304s2021 yoia g ind d a978-623-97657-2-904223a780.1 a780.1 RIY s0 aRiyan HidayatullahePengarang10aSolfegio :bsebuah pengantar teori musik /cRiyan Hidayatullah aCetakan pertama, 2021 aviii, 60 halaman :bgambar, tabel ;c24 cm 4aMusik--xTeori31aYogyakarta :bArttex,c2021 2rdacontentateks 2rdamediaatanpa perantara 2rdacarrieravolume aYOPDYOGbinderda aCB-D.11 2021-2038 aYOPDYOG aBibliografi : halaman 57 aCB-D.11/2021-2038 aCB-D.11/2021-2038